[Event "2016 Alberta Junior Championship"]
[Site "Edmonton"]
[Date "2016.11.19"]
[Round "2"]
[White "Wu, Chenxi"]
[Black "Fellah, Mohamad"]
[Result "0-1"]
[WhiteElo "1892"]
[BlackElo "2051"]
[PlyCount "94"]
[EventDate "2016.11.19"]
[EventType "tourn"]
[EventRounds "5"]
[EventCountry "CAN"]

1. e4 c5 2. Nf3 d6 3. d4 cxd4 4. Nxd4 Nf6 5. Nc3 a6 6. g3 e5 7. Nde2 Be7 8. Bg2
O-O 9. O-O b5 10. h3 Nbd7 11. g4 b4 12. Nd5 Nxd5 13. exd5 f5 14. gxf5 Nc5 15.
Be3 Qc7 16. Ng3 Bxf5 17. Nxf5 Rxf5 18. Qg4 Raf8 19. f4 exf4 20. Bxf4 g6 21.
Rae1 a5 22. Qg3 Qd8 23. Rxe7 Qxe7 24. Bxd6 Rxf1+ 25. Bxf1 Qa7 26. Qe3 Rc8 27.
Bb5 Qb6 28. Bc6 Na4 29. Qxb6 Nxb6 30. Kf2 Kf7 31. b3 Kf6 32. Ke3 Nxd5+ 33. Bxd5
Rd8 34. Kd4 Rxd6 35. Kc5 Ke5 36. Bc4 Rd2 37. Bd3 Rh2 38. Kb5 Kd4 39. Kxa5 Kc3
40. Ka4 Rxh3 41. a3 bxa3 42. Kxa3 g5 43. b4 Rh4 44. b5 h5 45. b6 Rb4 46. Bg6 h4
47. Bd3 Rxb6 0-1

[Event "2016 Alberta Junior Championship"]
[Site "Edmonton"]
[Date "2016.11.19"]
[Round "2"]
[White "Yao, David"]
[Black "Shi, Diwen"]
[Result "0-1"]
[WhiteElo "1817"]
[BlackElo "2278"]
[PlyCount "74"]
[EventDate "2016.11.19"]
[EventType "tourn"]
[EventRounds "5"]
[EventCountry "CAN"]

1. Nf3 Nf6 2. d3 Nc6 3. g3 e5 4. Bg2 Bc5 5. e4 d6 6. Nc3 O-O 7. O-O Bg4 8. h3
Be6 9. Re1 h6 10. Be3 Bb6 11. d4 exd4 12. Nxd4 Qc8 13. Kh2 Ne5 14. Nxe6 fxe6
15. Bxb6 axb6 16. f4 Nc6 17. e5 dxe5 18. fxe5 Nd7 19. Bxc6 bxc6 20. Qd4 Rf5 21.
Rad1 Nf8 22. Rf1 Rxf1 23. Rxf1 Qd8 24. Qf4 Qe8 25. a3 Ra5 26. Re1 Qf7 27. Qd4
Qd7 28. Qg4 Qf7 29. Qd4 Qf5 30. Re2 Ng6 31. Qd8+ Kh7 32. Qxc7 Nxe5 33. Qxb6
Nf3+ 34. Kg2 Ng5 35. Qe3 Qxh3+ 36. Kf2 Rf5+ 37. Ke1 Nf3+ 0-1

[Event "2016 Alberta Junior Championship"]
[Site "Edmonton"]
[Date "2016.11.19"]
[Round "3"]
[White "Fellah, Mohamad"]
[Black "Yao, David"]
[Result "1/2-1/2"]
[WhiteElo "2051"]
[BlackElo "1817"]
[PlyCount "39"]
[EventDate "2016.11.19"]
[EventType "tourn"]
[EventRounds "5"]
[EventCountry "CAN"]

1. e4 d6 2. d4 Nf6 3. Nc3 Nbd7 4. Nf3 e5 5. Bc4 Be7 6. Bxf7+ Kxf7 7. Ng5+ Kg6
8. h4 h5 9. f4 exf4 10. e5 Nxe5 11. dxe5 dxe5 12. Qe2 Bb4 13. Bd2 Bg4 14. Qc4
Qe7 15. a3 Bxc3 16. Bxc3 Rad8 17. O-O Rd5 18. b4 Rhd8 19. Rae1 Qd6 20. Ne4
1/2-1/2

[Event "2016 Alberta Junior Championship"]
[Site "Edmonton"]
[Date "2016.11.19"]
[Round "3"]
[White "Shi, Diwen"]
[Black "Wang, Kaixin"]
[Result "1-0"]
[WhiteElo "2278"]
[BlackElo "1845"]
[PlyCount "139"]
[EventDate "2016.11.19"]
[EventType "tourn"]
[EventRounds "5"]
[EventCountry "CAN"]

1. e4 c5 2. Nc3 Nc6 3. f4 d6 4. Nf3 Nf6 5. Bb5 Bg4 6. h3 Bxf3 7. Qxf3 e5 8.
fxe5 dxe5 9. Bxc6+ bxc6 10. d3 Bd6 11. O-O O-O 12. Nd1 Ne8 13. Ne3 f6 14. Nc4
Nc7 15. Qg4 Qe7 16. Na5 Qe8 17. Nc4 Qe7 18. Be3 Ne6 19. Rf2 Kh8 20. c3 Rae8 21.
Raf1 Bc7 22. g3 Rd8 23. Rd1 Rd7 24. Kg2 Rfd8 25. Rfd2 Qe8 26. Qf5 Qe7 27. Qf3
Kg8 28. Qe2 Kh8 29. Rf1 Kg8 30. Kf2 Kh8 31. Ke1 Qe8 32. Kd1 Qg6 33. g4 Qe8 34.
Kc2 Qe7 35. Qf2 Kg8 36. Qg1 Rf8 37. h4 a6 38. g5 fxg5 39. Rxf8+ Qxf8 40. hxg5
g6 41. Qg4 Qe8 42. Rf2 Rf7 43. Rd2 Kh8 44. Qg3 Kg8 45. Qg1 Qe7 46. Rh2 Qf8 47.
Rd2 Qe7 48. a3 a5 49. Rg2 Nf4 50. Bxc5 Qd8 51. Rd2 Nh3 52. Qg4 Nxg5 53. Rf2
Rxf2+ 54. Bxf2 Qf8 55. Bg3 Nf7 56. Qd7 Qd8 57. Qxc6 Kg7 58. b4 axb4 59. axb4 h5
60. b5 Bb8 61. Qb7 Kg8 62. d4 Qe8 63. Bxe5 Nxe5 64. Nxe5 h4 65. Nd7 Qd8 66. e5
Bc7 67. Nf6+ Kf8 68. Nh7+ Kg8 69. Nf6+ Kh8 70. b6 1-0

[Event "2016 Alberta Junior Championship"]
[Site "Edmonton"]
[Date "2016.11.19"]
[Round "3"]
[White "Zita, Matthew"]
[Black "Wu, Chenxi"]
[Result "0-1"]
[WhiteElo "1738"]
[BlackElo "1892"]
[PlyCount "94"]
[EventDate "2016.11.19"]
[EventType "tourn"]
[EventRounds "5"]
[EventCountry "CAN"]

1. e4 c5 2. Nf3 d6 3. d4 cxd4 4. Nxd4 Nf6 5. Nc3 g6 6. Be3 Bg7 7. f3 Nc6 8. Qd2
O-O 9. Bc4 Bd7 10. O-O-O Rc8 11. Bb3 Ne5 12. Kb1 Re8 13. g4 b5 14. h4 b4 15.
Nd5 a5 16. g5 Nh5 17. Nf4 e6 18. Nxh5 gxh5 19. c3 bxc3 20. bxc3 a4 21. Bc2 Nc4
22. Qc1 Qa5 23. Bd3 Nxe3 24. Qxe3 Qxc3 25. e5 Rb8+ 26. Nb5 Bxb5 27. Bxh7+ Kxh7
28. Qxc3 Be2+ 29. Kc1 Rec8 30. Qc2+ Rxc2+ 31. Kxc2 Bxd1+ 32. Rxd1 Bxe5 33. a3
Rb2+ 34. Kc1 Rb3 35. Kc2 Rxa3 36. f4 Bxf4 37. Rd4 Be5 38. Rb4 Rc3+ 39. Kd1 a3
40. Ra4 Rh3 41. Kc2 a2 42. Rxa2 Rh2+ 43. Kb3 Rxa2 44. Kxa2 Kg6 45. Kb3 Kf5 46.
Kc4 d5+ 47. Kd3 Kg4 0-1

[Event "2016 Alberta Junior Championship"]
[Site "Edmonton"]
[Date "2016.11.20"]
[Round "4"]
[White "Fellah, Mohamad"]
[Black "Zita, Matthew"]
[Result "1-0"]
[WhiteElo "2051"]
[BlackElo "1738"]
[PlyCount "53"]
[EventDate "2016.11.19"]
[EventType "tourn"]
[EventRounds "5"]
[EventCountry "CAN"]

1. e4 c5 2. Nf3 d6 3. d4 cxd4 4. Nxd4 Nf6 5. Nc3 g6 6. Be3 Bg7 7. f3 O-O 8. Qd2
Nc6 9. Bc4 Bd7 10. O-O-O Rc8 11. Bb3 Ne5 12. Kb1 Re8 13. h4 h5 14. g4 b5 15.
Rdg1 b4 16. Nce2 a5 17. Bg5 Nxf3 18. Nxf3 Nxe4 19. Bxf7+ Kxf7 20. Qd5+ Be6 21.
Qxe4 hxg4 22. Nfd4 Qd7 23. h5 Bf5 24. hxg6+ Bxg6 25. Rf1+ Bf6 26. Rh7+ Bxh7 27.
Qxh7+ 1-0

[Event "2016 Alberta Junior Championship"]
[Site "Edmonton"]
[Date "2016.11.20"]
[Round "4"]
[White "Wu, Chenxi"]
[Black "Shi, Diwen"]
[Result "0-1"]
[WhiteElo "1892"]
[BlackElo "2278"]
[PlyCount "40"]
[EventDate "2016.11.19"]
[EventType "tourn"]
[EventRounds "5"]
[EventCountry "CAN"]

1. e4 c5 2. Nf3 g6 3. d4 cxd4 4. Nxd4 Bg7 5. Nc3 Nc6 6. Be3 Nf6 7. Bc4 d6 8. f3
Bd7 9. Qd2 Rc8 10. Bb3 Ne5 11. Bh6 O-O 12. Bxg7 Kxg7 13. f4 Nc4 14. Bxc4 Rxc4
15. h4 Bg4 16. f5 Qb6 17. Nb3 Nxe4 18. Qf4 Nxc3 19. Qxc4 Qe3+ 20. Kf1 Be2+ 0-1

[Event "2016 Alberta Junior Championship"]
[Site "Edmonton"]
[Date "2016.11.20"]
[Round "4"]
[White "Yao, David"]
[Black "Wang, Kaixin"]
[Result "0-1"]
[WhiteElo "1817"]
[BlackElo "1845"]
[PlyCount "24"]
[EventDate "2016.11.19"]
[EventType "tourn"]
[EventRounds "5"]
[EventCountry "CAN"]

1. Nf3 Nf6 2. d3 d5 3. g3 c5 4. Bg2 Nc6 5. Nbd2 e5 6. e4 dxe4 7. dxe4 Bd6 8. c3
O-O 9. O-O h6 10. Qe2 Be6 11. Nc4 Bc7 12. Rd1 Bxc4 0-1

[Event "2016 Alberta Junior Championship"]
[Site "Edmonton"]
[Date "2016.11.20"]
[Round "5"]
[White "Shi, Diwen"]
[Black "Fellah, Mohamad"]
[Result "1/2-1/2"]
[WhiteElo "2278"]
[BlackElo "2051"]
[PlyCount "56"]
[EventDate "2016.11.19"]
[EventType "tourn"]
[EventRounds "5"]
[EventCountry "CAN"]

1. e4 c5 2. Nc3 d6 3. f4 g6 4. Nf3 Bg7 5. Bc4 Nc6 6. O-O e6 7. d3 Nge7 8. Qe1
O-O 9. Bb3 Nd4 10. Nxd4 cxd4 11. Ne2 Nc6 12. Bd2 Kh8 13. c3 d5 14. e5 dxc3 15.
bxc3 d4 16. cxd4 Nxd4 17. Nxd4 Qxd4+ 18. Qe3 Qxe3+ 19. Bxe3 Bd7 20. Bc5 Rfc8
21. Rac1 Kg8 22. d4 Bc6 23. Rfd1 Bh6 24. g3 Rd8 25. Bd6 Bf8 26. d5 exd5 27.
Bxd5 Bxd6 28. exd6 Bxd5 1/2-1/2

[Event "2016 Alberta Junior Championship"]
[Site "Edmonton"]
[Date "2016.11.20"]
[Round "5"]
[White "Wang, Kaixin"]
[Black "Wu, Chenxi"]
[Result "0-1"]
[WhiteElo "1845"]
[BlackElo "1892"]
[PlyCount "84"]
[EventDate "2016.11.19"]
[EventType "tourn"]
[EventRounds "5"]
[EventCountry "CAN"]

1. e4 c5 2. c3 d5 3. exd5 Qxd5 4. Nf3 Bg4 5. Be2 e6 6. O-O Nf6 7. d4 Nc6 8. Bf4
Be7 9. Na3 a6 10. Nc2 Qd8 11. Re1 O-O 12. Be3 Nd5 13. dxc5 Nxe3 14. Nxe3 Bh5
15. b4 Bf6 16. Rc1 Qe7 17. Qb3 a5 18. a4 axb4 19. cxb4 Bxf3 20. Bxf3 Nd4 21.
Qd1 Rfd8 22. a5 e5 23. Nd5 Rxd5 24. Bxd5 Rd8 25. Be4 Bg5 26. Rb1 Nb5 27. Qb3
Nd4 28. Qh3 g6 29. Bd3 f5 30. Bc4+ Kg7 31. Rb2 e4 32. a6 bxa6 33. Bxa6 Qf6 34.
Ra2 Ra8 35. Rea1 Nc2 36. Rb1 Nxb4 37. Rxb4 Rxa6 38. Rxa6 Qxa6 39. Qc3+ Bf6 40.
Rb6 Qxb6 41. Qc1 Qb2 42. Qd1 Qa1 0-1

[Event "2016 Alberta Junior Championship"]
[Site "Edmonton"]
[Date "2016.11.20"]
[Round "5"]
[White "Zita, Matthew"]
[Black "Yao, David"]
[Result "1/2-1/2"]
[WhiteElo "1738"]
[BlackElo "1817"]
[PlyCount "61"]
[EventDate "2016.11.19"]
[EventType "tourn"]
[EventRounds "5"]
[EventCountry "CAN"]

1. e4 d6 2. d4 Nf6 3. Nc3 g6 4. Nf3 Bg7 5. Be2 O-O 6. O-O Nbd7 7. h3 e5 8. Bg5
h6 9. Be3 Re8 10. dxe5 dxe5 11. Qd2 Kh7 12. Rad1 Qe7 13. Nh2 c6 14. Bc4 Nf8 15.
a3 Be6 16. Bxe6 Nxe6 17. Qd6 Qxd6 18. Rxd6 Bf8 19. Rd2 Bc5 20. Bxc5 Nxc5 21. f3
Rad8 22. Rfd1 Ne6 23. Ne2 Rxd2 24. Rxd2 Rd8 25. Nf1 Kg7 26. Rxd8 Nxd8 27. Ne3
h5 28. Nc4 Nd7 29. Kf2 Kf6 30. h4 Ke6 31. Ke3 1/2-1/2

[Event "2016 WBX Team Tournament"]
[Site "Edmonton"]
[Date "2016.12.17"]
[Round "1"]
[White "Banerjee, Bitan"]
[Black "Kalisvaart, Peter"]
[Result "1-0"]
[WhiteElo "2416"]
[BlackElo "2105"]
[PlyCount "131"]
[EventDate "2016.12.17"]
[EventType "team-swiss"]
[EventRounds "5"]
[EventCountry "CAN"]

1. d4 d5 2. c4 Nc6 3. Nc3 Nf6 4. Nf3 e6 5. Bg5 Be7 6. e3 h6 7. Bh4 O-O 8. Rc1
Ne4 9. Bxe7 Nxe7 10. Bd3 Nxc3 11. Rxc3 dxc4 12. Bxc4 b6 13. O-O Bb7 14. Qe2 a5
15. a3 Qd6 16. Rfc1 c6 17. Bd3 Nd5 18. R3c2 Rfc8 19. Nd2 Qe7 20. g3 Nf6 21. e4
c5 22. dxc5 Rxc5 23. Rxc5 bxc5 24. Nb3 Nd7 25. Qe3 Qf6 26. Nxc5 Nxc5 27. Rxc5
Rd8 28. Rc3 Qd4 29. Qxd4 Rxd4 30. f3 f5 31. exf5 exf5 32. Kf2 f4 33. Ke2 g5 34.
Bb5 g4 35. fxg4 f3+ 36. Ke3 Rd6 37. Rc7 Bd5 38. Rd7 Re6+ 39. Kf2 Bc6 40. Bxc6
Rxc6 41. Rd2 Kg7 42. Kxf3 Kf6 43. Re2 Rb6 44. h4 Rb3+ 45. Kf4 Rb5 46. g5+ hxg5+
47. hxg5+ Kf7 48. Re5 Rxb2 49. Rxa5 Ra2 50. Ra6 Kg7 51. a4 Ra3 52. a5 Ra1 53.
g6 Rg1 54. g4 Rg2 55. Kg5 Rg1 56. Ra7+ Kg8 57. Rb7 Ra1 58. Rb8+ Kg7 59. Rb7+
Kg8 60. Kf6 Rf1+ 61. Ke6 Re1+ 62. Kd6 Ra1 63. Rb5 Kg7 64. Kc6 Kxg6 65. Kb7 Ra4
66. a6 1-0

[Event "2016 WBX Team Tournament"]
[Site "Edmonton"]
[Date "2016.12.17"]
[Round "1"]
[White "Dave, Bhavik"]
[Black "Brazeau, Robert"]
[Result "1-0"]
[WhiteElo "1909"]
[BlackElo "1932"]
[PlyCount "55"]
[EventDate "2016.12.17"]
[EventType "team-swiss"]
[EventRounds "5"]
[EventCountry "CAN"]

1. d4 d5 2. c4 c6 3. Nc3 Nf6 4. Nf3 e6 5. e3 Nbd7 6. Qc2 Bd6 7. Bd3 dxc4 8.
Bxc4 b5 9. Be2 a6 10. a3 Bb7 11. b4 a5 12. Rb1 axb4 13. axb4 Qe7 14. Qb3 O-O
15. O-O e5 16. dxe5 Nxe5 17. Bb2 Nxf3+ 18. Bxf3 Rfb8 19. Ne2 Ra4 20. Bc3 Rba8
21. Qb2 Ra2 22. Bxf6 Rxb2 23. Bxe7 Rxb1 24. Rxb1 Bxe7 25. Nd4 Bxb4 26. Nxc6
Bxc6 27. Bxc6 Bc3 28. Bxa8 1-0

[Event "2016 WBX Team Tournament"]
[Site "Edmonton"]
[Date "2016.12.17"]
[Round "1"]
[White "Fellah, Mohamad"]
[Black "Guevarra, Alvin"]
[Result "1-0"]
[WhiteElo "2092"]
[BlackElo "1946"]
[PlyCount "50"]
[EventDate "2016.12.17"]
[EventType "team-swiss"]
[EventRounds "5"]
[EventCountry "CAN"]

1. e4 d6 2. d4 Nf6 3. Nc3 c6 4. f4 Qa5 5. e5 Ne4 6. Nf3 Bg4 7. h3 Nxc3 8. bxc3
Qxc3+ 9. Bd2 Bxf3 10. Qb1 Qxd4 11. Qxb7 Qxa1+ 12. Kf2 e6 13. Qc8+ Ke7 14. exd6+
Kxd6 15. Bb4+ c5 16. Bxc5+ Kd5 17. c4+ Ke4 18. gxf3+ Kxf4 19. Qc7+ Kg5 20. Rg1+
Kh5 21. Qxf7+ g6 22. Be3 Bh6 23. f4 Rf8 24. Be2+ Kh4 25. Rg4+ Kxh3 1-0

[Event "2016 WBX Team Tournament"]
[Site "Edmonton"]
[Date "2016.12.17"]
[Round "1"]
[White "Gardner, Robert"]
[Black "MacKinnon, Keith"]
[Result "1-0"]
[WhiteElo "2291"]
[BlackElo "2270"]
[PlyCount "57"]
[EventDate "2016.12.17"]
[EventType "team-swiss"]
[EventRounds "5"]
[EventCountry "CAN"]

1. g3 d5 2. Bg2 Nf6 3. d3 g6 4. c3 Bg7 5. Nd2 c5 6. e4 Nc6 7. Ngf3 O-O 8. O-O
d4 9. cxd4 cxd4 10. a4 b6 11. e5 Nd5 12. Re1 Ndb4 13. Nb3 Ba6 14. Bf1 Qd5 15.
Bf4 Rac8 16. Re4 f5 17. exf6 exf6 18. Nbxd4 f5 19. Nxc6 Nxc6 20. Re3 Bxb2 21.
Rb1 Bf6 22. Bg2 Qa2 23. Ng5 Nd4 24. Ra1 Qxa1 25. Qxa1 Ne2+ 26. Rxe2 Bxa1 27.
Bd5+ Kh8 28. Re7 Bg7 29. Be5 1-0

[Event "2016 WBX Team Tournament"]
[Site "Edmonton"]
[Date "2016.12.17"]
[Round "1"]
[White "Karmali, Hafiz"]
[Black "Rohatynski, Jordan"]
[Result "1/2-1/2"]
[WhiteElo "1992"]
[BlackElo "1527"]
[PlyCount "77"]
[EventDate "2016.12.17"]
[EventType "team-swiss"]
[EventRounds "5"]
[EventCountry "CAN"]

1. d4 Nf6 2. c4 d6 3. e3 Nbd7 4. Nc3 c6 5. Nf3 Qc7 6. Bd3 e5 7. O-O d5 8. cxd5
Nxd5 9. Bd2 Bd6 10. Rc1 Nxc3 11. Bxc3 h6 12. Bf5 exd4 13. exd4 O-O 14. d5 Ne5
15. Nd4 Ng6 16. dxc6 Bxh2+ 17. Kh1 Bxf5 18. Nxf5 Be5 19. Qf3 Qxc6 20. Qxc6 bxc6
21. Bxe5 Nxe5 22. Ne7+ Kh7 23. Nxc6 Nd3 24. Rc2 Rfc8 25. Kg1 Nxb2 26. Rb1 Rab8
27. Rbc1 Rb7 28. Nxa7 Rxc2 29. Rxc2 Rxa7 30. Rxb2 Ra3 31. Kf1 g5 32. g4 Kg6 33.
Kg2 h5 34. Rb6+ f6 35. gxh5+ Kxh5 36. Rxf6 Rxa2 37. Kg3 Ra3+ 38. f3 Ra4 39. Rb6
1/2-1/2

[Event "2016 WBX Team Tournament"]
[Site "Edmonton"]
[Date "2016.12.17"]
[Round "1"]
[White "Koperski, Dustin"]
[Black "Saeed, Mohsen"]
[Result "0-1"]
[WhiteElo "1690"]
[BlackElo "1591"]
[PlyCount "120"]
[EventDate "2016.12.17"]
[EventType "team-swiss"]
[EventRounds "5"]
[EventCountry "CAN"]

1. e4 c5 2. d4 cxd4 3. c3 dxc3 4. Nxc3 Nc6 5. Nf3 d6 6. Bc4 Nf6 7. e5 dxe5 8.
Qxd8+ Nxd8 9. Nb5 Rb8 10. Nxe5 e6 11. Bf4 Bb4+ 12. Ke2 Nh5 13. Be3 O-O 14. Nxa7
Bd6 15. Nf3 Nf4+ 16. Bxf4 Bxf4 17. Nxc8 Rxc8 18. Bb3 Nc6 19. Rhd1 Na5 20. Ba4
Rc7 21. g3 Bh6 22. Ne5 b5 23. Bxb5 Rc5 24. Nd7 Rxb5 25. Nxf8 Rxb2+ 26. Kf1 Kxf8
27. Rd8+ Ke7 28. Ra8 Bd2 29. a4 e5 30. Ra7+ Ke6 31. Rd1 Nc6 32. Ra6 Kd7 33. Ra1
Kc7 34. Ra8 Bc3 35. Rf8 f6 36. Rf7+ Kd6 37. Rxg7 Bd4 38. Rd1 Rxf2+ 39. Ke1 Rxh2
40. Rd2 Rh1+ 41. Ke2 Ra1 42. Rxh7 Rxa4 43. Rh6 Ke7 44. Rc2 Nb4 45. Rc7+ Ke6 46.
Rb7 Ra2+ 47. Kf3 Rf2+ 48. Kg4 Nd5 49. Rh8 Ne3+ 50. Kh3 Rf1 51. Kh2 e4 52. Re8+
Kf5 53. Rb5+ Be5 54. Rg8 Ng4+ 55. Kg2 Rf2+ 56. Kg1 e3 57. Rb1 Bxg3 58. Rf1 Bh2+
59. Kh1 Rxf1+ 60. Kg2 e2 0-1

[Event "2016 WBX Team Tournament"]
[Site "Edmonton"]
[Date "2016.12.17"]
[Round "1"]
[White "Ludwig, David"]
[Black "Robertson, Trevor"]
[Result "1-0"]
[WhiteElo "1838"]
[BlackElo "1653"]
[PlyCount "109"]
[EventDate "2016.12.17"]
[EventType "team-swiss"]
[EventRounds "5"]
[EventCountry "CAN"]

1. b3 d5 2. Bb2 c5 3. e3 Nc6 4. f4 Bf5 5. Nf3 e6 6. Be2 Nf6 7. O-O Be7 8. d3 h6
9. h3 O-O 10. Nbd2 b5 11. Ne5 Nxe5 12. Bxe5 Nd7 13. Bb2 Bf6 14. Bxf6 Nxf6 15.
Bf3 Rc8 16. e4 dxe4 17. dxe4 Qd4+ 18. Kh1 Bh7 19. Qe2 c4 20. Rfd1 c3 21. Nf1
Qc5 22. a4 b4 23. Rd3 Rfd8 24. Rad1 Rxd3 25. Qxd3 Nd5 26. g3 Nf6 27. Kg2 g5 28.
Qd4 Kg7 29. Qxc5 Rxc5 30. Rd4 a5 31. Ne3 gxf4 32. gxf4 e5 33. fxe5 Rxe5 34. Nc4
Rc5 35. Kf2 Bg6 36. Ke3 Ne8 37. Bd1 Nc7 38. Rd6 Rg5 39. h4 Rg3+ 40. Kf2 Rh3 41.
Nxa5 Bxe4 42. Nc4 Bxc2 43. Bxc2 Rh2+ 44. Ke1 Rxc2 45. Kd1 Rh2 46. Ne3 Rb2 47.
Nf5+ Kf8 48. Rd8+ Ne8 49. Nxh6 Rxb3 50. Nf5 Ra3 51. h5 Rxa4 52. h6 Ra1+ 53. Kc2
Rh1 54. Rc8 f6 55. Rc4 {Black forfeited on time.} 1-0

[Event "2016 WBX Team Tournament"]
[Site "Edmonton"]
[Date "2016.12.17"]
[Round "1"]
[White "Pechenkin, Vladimir"]
[Black "Kazmaier, Daniel"]
[Result "1/2-1/2"]
[WhiteElo "2337"]
[BlackElo "2323"]
[PlyCount "40"]
[EventDate "2016.12.17"]
[EventType "team-swiss"]
[EventRounds "5"]
[EventCountry "CAN"]

1. c4 e5 2. g3 Nc6 3. Nc3 f5 4. Nf3 g6 5. d3 Nf6 6. Bg2 Bg7 7. O-O O-O 8. Rb1
a5 9. a3 d6 10. b4 axb4 11. axb4 h6 12. b5 Ne7 13. Nd2 g5 14. Bb2 c6 15. Ra1
Be6 16. Rxa8 Qxa8 17. Qb3 Nd7 18. Ra1 Qb8 19. Qa3 Kf7 20. Rb1 Qc7 1/2-1/2

[Event "2016 WBX Team Tournament"]
[Site "Edmonton"]
[Date "2016.12.17"]
[Round "1"]
[White "Pogosian, Dmitri"]
[Black "Blyznyuk, Volodymyr"]
[Result "1-0"]
[WhiteElo "1764"]
[BlackElo "1466"]
[PlyCount "89"]
[EventDate "2016.12.17"]
[EventType "team-swiss"]
[EventRounds "5"]
[EventCountry "CAN"]

1. e4 d5 2. exd5 Qxd5 3. Nc3 Qd6 4. d4 Nf6 5. h3 Bf5 6. Nf3 h6 7. Bc4 c6 8. Ne5
e6 9. Bf4 Qd8 10. Ne2 Be7 11. O-O Nbd7 12. Ng3 Bh7 13. Nh5 Bf8 14. Re1 Nd5 15.
Qf3 N7f6 16. Bxd5 Qxd5 17. c4 Qxf3 18. Nxf6+ gxf6 19. Nxf3 Be7 20. Bxh6 Bd3 21.
Bf4 Bxc4 22. b3 Bd5 23. Kh2 Kd7 24. Nd2 Rh4 25. g3 Rh7 26. Ne4 Bxe4 27. Rxe4
Bd6 28. Bxd6 Kxd6 29. g4 Rh4 30. Re3 Rah8 31. Rd1 Rxg4 32. Rg3 Rg5 33. Rxg5
fxg5 34. Rg1 f6 35. Rg4 Rh4 36. Kg3 Rxg4+ 37. Kxg4 e5 38. dxe5+ Kxe5 39. Kf3 a5
40. Ke3 b5 41. a3 c5 42. Kd3 f5 43. Ke3 f4+ 44. Kd3 Kd5 45. f3 {Black
forfeited on time.} 1-0

[Event "2016 WBX Team Tournament"]
[Site "Edmonton"]
[Date "2016.12.17"]
[Round "1"]
[White "Sharma, Vishruth"]
[Black "Ivanescu, Cristian"]
[Result "1/2-1/2"]
[WhiteElo "1541"]
[BlackElo "1845"]
[PlyCount "43"]
[EventDate "2016.12.17"]
[EventType "team-swiss"]
[EventRounds "5"]
[EventCountry "CAN"]

1. e4 e6 2. d4 d5 3. e5 c5 4. c3 Nc6 5. Be3 Nge7 6. Nf3 Nf5 7. Bd3 Nxe3 8. fxe3
Be7 9. O-O h6 10. Qe1 O-O 11. Nbd2 c4 12. Bc2 b5 13. Qg3 b4 14. Rab1 Qa5 15.
cxb4 Bxb4 16. Qf2 Qxa2 17. Ra1 Qxb2 18. Ba4 Bd7 19. Rfb1 Qc3 20. Rc1 Qb2 21.
Rcb1 Qc3 22. Rc1 1/2-1/2

[Event "2016 WBX Team Tournament"]
[Site "Edmonton"]
[Date "2016.12.17"]
[Round "1"]
[White "Valencia, Belsar"]
[Black "Yearwood, Roy"]
[Result "1-0"]
[WhiteElo "2364"]
[BlackElo "2077"]
[PlyCount "107"]
[EventDate "2016.12.17"]
[EventType "team-swiss"]
[EventRounds "5"]
[EventCountry "CAN"]

1. c4 e5 2. Nc3 Nc6 3. g3 Bc5 4. Bg2 d6 5. e3 Bf5 6. d3 Nb4 7. Ne4 Bxe4 8. dxe4
a5 9. a3 Nc6 10. Ne2 h5 11. h3 h4 12. g4 Nge7 13. Nc3 Qd7 14. Bd2 g6 15. Qa4
Nd8 16. Qxd7+ Kxd7 17. Na4 Ne6 18. b4 axb4 19. axb4 Nc6 20. bxc5 Ra6 21. Bf3
Rha8 22. Bd1 Kd8 23. Bc3 Nxc5 24. Nxc5 Rxa1 25. Bxa1 Rxa1 26. Nb3 Ra2 27. Nc1
Rb2 28. Nd3 Ra2 29. c5 dxc5 30. Nxc5 b6 31. Nd3 Ke7 32. g5 f6 33. gxf6+ Kxf6
34. O-O Rd2 35. Ba4 Na7 36. Rd1 Rxd1+ 37. Bxd1 c5 38. f4 exf4 39. exf4 c4 40.
Nb4 Ke6 41. Kf2 Kd6 42. Ke3 Kc5 43. Na6+ Kb5 44. Nc7+ Kc6 45. Nd5 Kc5 46. Ne7
b5 47. Nxg6 b4 48. f5 Nc8 49. f6 Nd6 50. e5 Nf5+ 51. Ke4 Ng3+ 52. Kf4 c3 53. f7
Kd4 54. f8=Q 1-0

[Event "2016 WBX Team Tournament"]
[Site "Edmonton"]
[Date "2016.12.17"]
[Round "1"]
[White "Villavieja, Butch"]
[Black "Seehagen, Terry"]
[Result "1/2-1/2"]
[WhiteElo "2194"]
[BlackElo "1785"]
[PlyCount "73"]
[EventDate "2016.12.17"]
[EventType "team-swiss"]
[EventRounds "5"]
[EventCountry "CAN"]

1. e4 d5 2. exd5 Nf6 3. d4 c6 4. Nf3 cxd5 5. c4 e6 6. Nc3 Nc6 7. Bf4 Bb4 8. c5
Ne4 9. Qb3 O-O 10. Rc1 Qf6 11. Be5 Nxe5 12. dxe5 Qh6 13. Rc2 Bxc3+ 14. bxc3
Nxc5 15. Qa3 b6 16. Be2 Qg6 17. Rd2 Ne4 18. Rd4 Qxg2 19. Rf1 Bb7 20. Qe7 Rab8
21. Qh4 Qg6 22. Rg1 Qf5 23. Qh6 g6 24. Rxe4 dxe4 25. Ng5 Rfd8 26. Nxh7 Qxe5 27.
Rxg6+ fxg6 28. Qxg6+ Kh8 29. Ng5 Qxc3+ 30. Kf1 Qa1+ 31. Kg2 Qg7 32. Qh5+ Kg8
33. Bg4 Bd5 34. Kf1 Qa1+ 35. Kg2 Qg7 36. Kf1 Qa1+ 37. Kg2 1/2-1/2

[Event "2016 WBX Team Tournament"]
[Site "Edmonton"]
[Date "2016.12.17"]
[Round "1"]
[White "Zeggelaar, Mike"]
[Black "Ludwig, Michael"]
[Result "1/2-1/2"]
[WhiteElo "1972"]
[BlackElo "1885"]
[PlyCount "59"]
[EventDate "2016.12.17"]
[EventType "team-swiss"]
[EventRounds "5"]
[EventCountry "CAN"]

1. e4 e5 2. Nf3 Nf6 3. Nxe5 d6 4. Nxf7 Kxf7 5. d4 Be7 6. Nc3 c5 7. Bc4+ Be6 8.
d5 Bg4 9. f3 Bh5 10. O-O Rf8 11. e5 Ne8 12. g4 Bg6 13. f4 h6 14. Be3 Kg8 15. f5
Bh7 16. e6 Bg5 17. Qe2 Na6 18. Bf2 Bh4 19. Be3 Kh8 20. Bxa6 bxa6 21. Qxa6 Bg5
22. Bxg5 Qxg5 23. Qb7 Qxg4+ 24. Kh1 Bxf5 25. Qxa8 Be4+ 26. Nxe4 Qxe4+ 27. Kg1
Qe3+ 28. Kh1 Qe4+ 29. Kg1 Qe3+ 30. Kh1 1/2-1/2

[Event "2016 WBX Team Tournament"]
[Site "Edmonton"]
[Date "2016.12.17"]
[Round "2"]
[White "Blyznyuk, Volodymyr"]
[Black "Pechenkin, Vladimir"]
[Result "0-1"]
[WhiteElo "1466"]
[BlackElo "2337"]
[PlyCount "56"]
[EventDate "2016.12.17"]
[EventType "team-swiss"]
[EventRounds "5"]
[EventCountry "CAN"]

1. d4 e6 2. Nf3 d5 3. Bf4 Bd6 4. Bg3 Nf6 5. e3 Ne4 6. Be5 f6 7. Bxd6 Qxd6 8.
Bd3 O-O 9. c3 Nc6 10. Nfd2 f5 11. f4 Bd7 12. O-O Be8 13. Nxe4 fxe4 14. Be2 Ne7
15. Bg4 Bg6 16. Nd2 b6 17. Rc1 Rad8 18. Qe2 c5 19. Rf2 Bf5 20. Nf1 Rc8 21. Bxf5
Nxf5 22. g4 Nh4 23. Nd2 cxd4 24. exd4 Rxf4 25. Rxf4 Qxf4 26. Rd1 Rf8 27. Kh1
Rf6 28. Rf1 Qxd2 0-1

[Event "2016 WBX Team Tournament"]
[Site "Edmonton"]
[Date "2016.12.17"]
[Round "2"]
[White "Brazeau, Robert"]
[Black "Sharma, Vishruth"]
[Result "1-0"]
[WhiteElo "1932"]
[BlackElo "1541"]
[PlyCount "117"]
[EventDate "2016.12.17"]
[EventType "team-swiss"]
[EventRounds "5"]
[EventCountry "CAN"]

1. d4 d5 2. c4 e6 3. Nc3 Nf6 4. Bg5 Be7 5. e3 Nc6 6. Nf3 O-O 7. Rc1 Bd7 8. a3
dxc4 9. Bxc4 Na5 10. Bd3 Nd5 11. Bxe7 Nxc3 12. Bxh7+ Kh8 13. Bxd8 Nxd1 14. Bxc7
Nxb2 15. Bxa5 Kxh7 16. O-O Bb5 17. Bb4 Rfd8 18. Rc7 Bxf1 19. Kxf1 Rac8 20. Ng5+
Kg6 21. Rxb7 Rc1+ 22. Ke2 Rc2+ 23. Kf3 Nd3 24. Nh3 Rd5 25. g3 Rf5+ 26. Nf4+ Kh6
27. g4 Rxf2+ 28. Kg3 Rf6 29. Be7 R6xf4 30. exf4 Rxf4 31. Bc5 Nxc5 32. dxc5 Ra4
33. Rb3 Rc4 34. Rb5 Kg6 35. Ra5 Kf6 36. Kf3 g5 37. h3 Kg6 38. a4 f5 39. gxf5+
Kxf5 40. Rxa7 Rc3+ 41. Kg2 Rxc5 42. a5 e5 43. a6 Ra5 44. Ra8 Kf4 45. a7 Ra2+
46. Kf1 Kg3 47. h4 Ra1+ 48. Ke2 Ra2+ 49. Kd3 Ra3+ 50. Ke4 Ra4+ 51. Kxe5 Ra5+
52. Kf6 g4 53. h5 Kf2 54. h6 g3 55. h7 g2 56. h8=Q g1=Q 57. Qh4+ Qg3 58. Qxg3+
Kxg3 59. Rg8+ 1-0